Loading...
| History - Other | 0 | 9 | 1 | 1 | 85 | 11 | 53.78 | 4 | 8 | 46.36 | 70.00 |
| History - American | 0 | 6 | 0 | 1 | 60 | 23 | 64.00 | 0 | 3 | 22.26 | 35.14 |
| History - European | 0 | 5 | 0 | 0 | 50 | 23 | 48.80 | 1 | 5 | 27.68 | 38.89 |
| Philosophy | 0 | 5 | 0 | 1 | 50 | 61 | 94.20 | 0 | 2 | 11.00 | 28.17 |
| Literature - British | 0 | 3 | 0 | 0 | 30 | 89 | 101.67 | 0 | 0 | 3.75 | 10.00 |
| Literature - World | 0 | 3 | 0 | 0 | 30 | 86 | 96.67 | 0 | 1 | 4.29 | 17.78 |
| Painting/Sculpture | 0 | 3 | 1 | 0 | 25 | 41 | 68.33 | 1 | 2 | 10.10 | 18.61 |
| History - World | 0 | 3 | 1 | 0 | 25 | 44 | 62.33 | 1 | 2 | 12.26 | 20.00 |
| Pop Culture | 0 | 3 | 1 | 0 | 25 | 24 | 43.33 | 0 | 2 | 36.02 | 42.22 |
| Mythology | 0 | 3 | 1 | 0 | 25 | 61 | 77.00 | 0 | 1 | 9.70 | 13.33 |
| Social Science | 0 | 2 | 0 | 0 | 20 | 61 | 64.00 | 0 | 2 | 10.17 | 19.27 |
| Literature - American | 0 | 2 | 0 | 1 | 20 | 107 | 112.00 | 0 | 0 | 1.01 | 3.33 |
| Religion | 0 | 2 | 0 | 0 | 20 | 34 | 63.50 | 1 | 1 | 8.24 | 13.33 |
| Science - Chemistry | 0 | 2 | 0 | 0 | 20 | 62 | 78.50 | 0 | 1 | 4.92 | 6.67 |
| Current Events | 0 | 2 | 0 | 0 | 20 | 18 | 22.00 | 1 | 2 | 31.82 | 35.56 |
| Science - Physics | 0 | 1 | 0 | 0 | 10 | 101 | 101.00 | 0 | 0 | 0.00 | 1.11 |
| Science - Other | 0 | 2 | 2 | 1 | 10 | 100 | 104.50 | 0 | 0 | 0.00 | 4.86 |
| Fine Arts - Classical Music | 0 | 1 | 0 | 0 | 10 | 108 | 108.00 | 0 | 0 | 0.00 | 2.22 |
| Literature - European | 0 | 1 | 0 | 0 | 10 | 122 | 122.00 | 0 | 1 | 0.00 | 3.33 |
| Science - Biology | 0 | 1 | 1 | 1 | 5 | 95 | 95.00 | 0 | 0 | 0.31 | 2.22 |
| Geography | 0 | 1 | 1 | 1 | 5 | 119 | 119.00 | 0 | 0 | 0.00 | 6.67 |
| Fine Arts - Other | 0 | 0 | 1 | 0 | -5 | 0.00 | 0 | 0 | 0.00 | 0.00 |